00473nam a2200157Ia 4500003000400000008004100004040001600045082001900061100001800080245009300098260005100191300001000242650002200252650001600274650002500290GCL140319s9999 xx 000 0 eng d aGCL / cGCL04a338.27282bC O1 aCRYSTAL, JILL10aOIL AND POLITICS IN THE GULF: RULERS AND MERCHANTS IN KUWAIT AND QATAR / cCRYSTAL, JILL a[S.N] : bCAMBRIDGE UNIVERSITY PRESS ، c1995 a242 P04aPOLITICAL ASPECTS04aMIDDLE EAST04aPETROLEUM - INDUSTRY